000 00664nam a2200277 a 4500
003 AR-BaBNM
005 20251128202947.0
008 082120s2002 ||||||||||||||000 | spa||
020 _a950-05-0593-2
040 _cAR-BaBNM
100 1 _aBuffa, Pablo
245 0 0 _aJulio Sosa el varón del tango
260 _aBuenos Aires
_bEdiciones Corregidor
_c1990
300 _a171 p.
_bil.
504 _aBibliografía p. 168-171
650 4 _aBIOGRAFIAS
650 4 _aMUSICA POPULAR
650 4 _aHISTORIA
650 4 _aCANTANTES
651 4 _aUruguay
651 4 _aArgentina
653 _aTANGO
655 _aBIOGRAFIAS
942 _cBK
998 _cEnrique
999 _c1280
_d1280